000 01517nam0a2200301 4500
001 RU\NLR\bibl\2085805
005 20260406025445.0
020 _aRU
_9ЛЕНИНГРАД В ВЕЛИКОЙ ОТЕЧЕСТВЕННОЙ ВОЙНЕ : Печать Ленинграда, 1941 - 1945 : листовки, плакаты, открытки, альбомы: карточный каталог изданий, хранящихся в фондах Гос. Публ. б-ки. - Ленинград, 1972
035 _a(NLR Aleph) 010197477
090 _a10227966
_c10227966
100 _a20131121d1944 u y0rusy50 ca
101 0 _arus
102 _aRU
105 _ay z |||||
200 1 _aВеликий русский баснописец
_e(Краткий библиографический указатель)
_fШубин С.
210 _a[Кронштадт]
_cБ-ка Дома Военно-морского флота крепости Кронштадт
_d[1944]
215 _a2 с.
_d17x8
606 1 _aБлокада Ленинграда
_jЛистовки
_z1941 - 1944
_92077679
_3RU\NLR\AUTH\661253360
686 _aТ3(2)722.721,011
702 1 _4220
_8rus
_7ca
_aШубин
_bС.
_cжурналист, пропагандист
_3RU\NLR\auth\77127116
_9110040
801 0 _aRU
_bNLR
_c19720101
_gPSBO
801 1 _aRU
_bNLR
_c20131121
_gRCR
852 _aNLR
_bЛ3-330л
_j33/2-12
942 _cBOOK
945 _aРоссийская национальная библиотека
980 _aNB
980 _aBV